| 000 | 00406nam a22001697a 4500 | ||
|---|---|---|---|
| 003 | CEME | ||
| 005 | 20210628203627.0 | ||
| 008 | 210317b xxu||||| |||| 00| 0 eng d | ||
| 020 | _a0-02-528160-7 | ||
| 040 | _c. | ||
| 082 | _a423.1 COR'M | ||
| 100 |
_aCorbeil, J.C _966627 |
||
| 245 | _aThe macmillan visual dictionary | ||
| 260 |
_aNEWYORK _bMACMILLAN _c1992 |
||
| 300 | _aXXX,862P | ||
| 942 |
_cBK _2ddc |
||
| 999 |
_c574562 _d574562 |
||